书目信息 |
| 题名: |
数学制图学
|
|
| 作者: | 胡毓钜 编著 | |
| 分册: | ||
| 出版信息: | 北京 中国工业出版社 1964 |
|
| 页数: | 162页 | |
| 开本: | 26cm | |
| 丛书名: | ||
| 单 册: | ||
| 中图分类: | P282.1 | |
| 科图分类: | ||
| 主题词: | 地图学 | |
| 电子资源: | ||
| ISBN: | ||
| 000 | 00509nam0 2200193 450 | |
| 001 | 0655310170 | |
| 005 | 20060425152706.89 | |
| 010 | @dCNY1.40 | |
| 100 | @a20060425d1964 km y0chiy0120 ea | |
| 101 | 0 | @achi |
| 200 | 1 | @a数学制图学@Ashu xue zhi tu xue@f胡毓钜编著@Fhu yu ju bian zhu |
| 210 | @a北京@c中国工业出版社@d1964 | |
| 215 | 1 | @a162页@d26cm |
| 300 | @a高等学校教材 | |
| 606 | 0 | @a地图学 |
| 690 | @aP282.1@v4 | |
| 701 | 0 | @a胡毓钜@Ahu yu ju@4编著 |
| 801 | 0 | @aCN@bPFT@c20060425 |
| 905 | @a10447@dP282.1@e3 | |
| 数学制图学/胡毓钜编著.-北京:中国工业出版社,1964 |
| 162页;26cm |
| 高等学校教材 |
| ISBN :CNY1.40 |
| ● |
| 相关链接 |
|
|
|
|
正题名:数学制图学
索取号:P282.1/3
 
预约/预借
| 序号 | 登录号 | 条形码 | 馆藏地/架位号 | 状态 | 备注 |
| 1 | 0016131 | 202193036 | 密集书库/ [索取号:P282.1/3] | 在馆 |